000 02422nab a2200289 a 4500
005 20250411063839.0
008 991125c2016 cu qr p o 000 0 spa d
035 _aUPN01000220956
040 _aUPN
_bspa
_cUPN
_eaacr2
049 _aART-E
100 1 _aEstupiñan Ricardo, Jesús
_6- jestupinan@utb.edu.ec
100 1 _aCherrez Cano, Isabel Matilde
_6-
100 1 _aIntriago Alcívar, Glenda Cecibel
_6-
100 1 _aTorres Vargas, Richard Javier
245 1 0 _aNeurociencia cognitiva e inteligencia emocional. La gestión pedagógica en el contexto de la formación profesional
_h[recurso electrónico en línea]
506 0 _aAcceso abierto
520 3 _aLa sociedad contemporánea denominada “La era de la información y del conocimiento” evidencia complejidad en los ámbitos industrial y tecnológico, así como en la tendencia permanente a la mundialización y globalización económica, política, social y cultural; esto exige la utilización de habilidades y competencias tanto personales, como sociales y profesionales para lograr eficacia y eficiencia en el desempeño frente a los cambios continuos que exigen las necesidades actuales. La educación, para estar a tono con el momento histórico y contextual, requiere contemplar la apertura hacia las nuevas propuestas de cambio desde el punto de vista del desarrollo de la inteligencia emocional, para solucionar los problemas de la crisis social y afrontar los diversos desafíos que presenta el entorno. Lo anterior exige una concienciación del docente para que se apreste a revisar el currículo e incluya las dimensiones referidas a la formación de la inteligencia emocional de la persona. El estudio de los fundamentos de la neurociencia cognitiva de la personalidad está directamente vinculado con la constante reparación estabilizadora del medio interno, la alimentación, la reproducción, las respuestas defensivas de ataque y huida, las reacciones de agrado y desagrado, la activación general y los ritmos endógenos.
650 4 _aNeurociencia cognitiva
_914183
650 7 _91394
_aInteligencia emocional
650 4 _aFormación profesional
_99108
653 0 _aCurriculum
773 _gVol. 7, no. 4 (2016), p. 207-214
_xDidasc@lia : didáctica y educación
_y2224-2643
856 4 _uhttps://dialnet.unirioja.es/servlet/articulo?codigo=6667026
902 _aGloria Jiménez/0624
905 _aArticulo
942 _cART-E
999 _c193055
_d193055